Expressions Containing Names Quiz Stats

Quiz Updated Aug 3, 2015

Also try: Food Expressions
Challenge
Share
Tweet
Embed
Score 0/25 Timer 05:00
2 Plays Today
% Correct
Willy
97.1%
Steven
96.6%
Tom
96.5%
José
96.4%
John
96.4%
Pete
95.8%
Cathy
95.8%
Murphy
95.2%
Pandora
94.8%
Elvis
94.6%
Nellie
94.2%
Jack
94.1%
Debbie
93.8%
% Correct
Alec
93.8%
Jack
93.4%
Dick
93%
Davy
92.7%
Scott
92.5%
Paul
91.1%
McCoy
91.1%
Adam
89.3%
Adam
88.3%
Betsy
87.4%
Sam
85.5%
Thomas
78.7%

You're not logged in!

Compare scores with friends on all Sporcle quizzes.
Sign Up with Email
OR
Log In

You Might Also Like...

Show Comments

Extras

Top Quizzes Today


Score Distribution

Your Account Isn't Verified!

In order to create a playlist on Sporcle, you need to verify the email address you used during registration. Go to your Sporcle Settings to finish the process.